Normal view MARC view
  • Ayesha Gulzar

Entry Personal Name

Number of records used in: 2

001 - CONTROL NUMBER

  • control field: 15859

003 - CONTROL NUMBER IDENTIFIER

  • control field: NUST

005 - DATE AND TIME OF LATEST TRANSACTION

  • control field: 20190628054627.0

008 - FIXED-LENGTH DATA ELEMENTS

  • fixed length control field: 190628|| aca||aabn | a|a d

040 ## - CATALOGING SOURCE

  • Original cataloging agency: NUST
  • Transcribing agency: NUST

100 ## - HEADING--PERSONAL NAME

  • Personal name: Ayesha Gulzar

670 ## - SOURCE DATA FOUND

  • Source citation: Work cat.: (NUST): Ayesha Gulzar, Design and Fabrication of a Hydrogel Based pH Sensor Array for Physiological Applications /, 2017.
© 2023 Central Library, National University of Sciences and Technology. All Rights Reserved.